First International Multiphase Fluid Transients Symposium : presented at the Winter Annual Meeting of the American Society of Mechanical Engineers, Anaheim, California, December 7-12, 1986 /

Bibliographic Details
Corporate Authors: International Multiphase Fluid Transients Symposium Anaheim, Calif., American Society of Mechanical Engineers. Fluid Transients Committee, American Society of Mechanical Engineers. Multiphase Flow Committee, Symposium on Thermostructural Behavior of Carbon-Carbon Composites
Other Authors: Safwat, H. H. (Hemmat H.), Braun, M. J. (Minel J.), Rohatgi, Upendra S.
Format: Conference Proceeding Book
Language:English
Published: New York : American Society of Mechanical Engineers, [1986]
Series:FED (Series) ; vol. 41.
Subjects:

MARC

Tag First Indicator Second Indicator Subfields
LEADER 00000cam a2200000 a 4500
001 in00000435021
005 20151012075329.0
008 870109s1986 nyua b 10010 eng d
010 |a  86072524  
035 |a (OCoLC)15048960 
035 |9 ABX3562AM 
040 |a TXA  |c TXA  |d GZM  |d KKU  |d TXA  |d UtOrBLW 
049 |a TXAM  |c [A10059082] 
090 |a TA357  |b .I574 1986 
111 2 |a International Multiphase Fluid Transients Symposium  |n (1st :  |d 1986 :  |c Anaheim, Calif.) 
245 1 0 |a First International Multiphase Fluid Transients Symposium :  |b presented at the Winter Annual Meeting of the American Society of Mechanical Engineers, Anaheim, California, December 7-12, 1986 /  |c sponsored by the Fluid Transients and Multiphase Flow Committees, the Fluids Engineering Division, ASME ; edited by H.H. Safwat, J. Braun and U.S. Rohatgi. 
264 1 |a New York :  |b American Society of Mechanical Engineers,  |c [1986] 
264 4 |c ©1986 
300 |a v, 105 pages :  |b illustrations ;  |c 28 cm. 
336 |a text  |b txt  |2 rdacontent 
337 |a unmediated  |b n  |2 rdamedia 
338 |a volume  |b nc  |2 rdacarrier 
490 1 |a FED ;  |v v. 41 
504 |a Includes bibliographies. 
650 0 |a Multiphase flow  |v Congresses. 
700 1 |a Safwat, H. H.  |q (Hemmat H.) 
700 1 |a Braun, M. J.  |q (Minel J.) 
700 1 |a Rohatgi, Upendra S. 
710 2 |a American Society of Mechanical Engineers.  |b Fluid Transients Committee. 
710 2 |a American Society of Mechanical Engineers.  |b Multiphase Flow Committee. 
711 2 |a Symposium on Thermostructural Behavior of Carbon-Carbon Composites  |d (1986 :  |c Anaheim, Calif.) 
830 0 |a FED (Series) ;  |v vol. 41. 
999 |a MARS 
999 f f |s dcfca5ef-0086-3309-bb2f-2bfe8e0ae22c  |i be324ffb-0dde-352b-a00c-5ff839c56040  |t 0 
952 f f |p ric  |a Texas A&M University  |b Rellis Campus  |c Joint Library Facility  |d Remote Storage  |t 0  |e TA357 .I574 1986  |h Library of Congress classification  |i unmediated -- volume  |m A14810059082 
998 f f |a TA357 .I574 1986  |t 0  |l Remote Storage